Histoire de France Quiz - Statistiques

Statistiques générales
  • Ce quiz a été pris 6 248 fois
  • Le résultat moyen est 15 sur 20
Statistiques - réponses
allusion répondre % Correct
Événement accueilli et remporté par la France en 1998 Coupe du monde de la FIFA
97%
Cette ancienne colonie est devenue indépendante en 1962, après une guerre sanglante Algérie
96%
Leader français libre et président français 1959-1969 Charles de Gaulle
95%
Empereur qui a conquis la plupart de l'Europe au début des années 1800 Napoleon
94%
Roi pendant 72 ans Louis XIV
93%
Prison notoire libérée en 1789 Bastille
92%
Romain qui a conquis la Gaule Jules César
90%
Le palais où il vivait Versailles
89%
Roi des Francs couronné empereur en l'an 800 Charlemagne
86%
Île méditerranéenne, annexée en 1770 Corse
86%
Palais royal à Paris, maintenant un musée Louvre
86%
Dispositif utilisé pour la décapitation indolore guillotine
84%
Capitale de la France non-occupée durant la Seconde Guerre mondiale Vichy
84%
Surnom du précédent le Roi-Soleil
70%
Période de décapitation de masse Terreur
70%
Mouvement artistique de Monet et Renoir impressionnisme
61%
Premier ministre de France, qui a consolidé le pouvoir royal cardinal de Richelieu
41%
Guerre contre la Grande-Bretagne et la Prusse - 1756 - 1763 guerre de Sept Ans
30%
Âge d'or de 1899-1914 Belle Époque
19%
Ce que Joseph-Michel et Jacques-Étienne ont inventé montgolfière
14%
Aucun quiz correspondant
Distribution des résultats
% des personnes avec chaque résultat
Percentile par nombre de réponses
Votre historique - résultats
Vous n’avez pas pris ce quiz